| 000 | 00369cam a22001217a 4500 | ||
|---|---|---|---|
| 008 | 180718b1955 xxu||||| |||| 00| 0 eng d | ||
| 082 | _aT421x42 C795 | ||
| 100 | _aCoppieters, Emmanuel | ||
| 245 |
_aEnglish bank note circulation _cby Emmanuel Coppieters |
||
| 260 |
_aLondon _bThe Louvain Institute of Economic and Social Research _c1955 |
||
| 300 | _a171p. | ||
| 650 | _aC | ||
| 999 |
_c434723 _d434723 |
||